[Event "Let's Play Chess!"]
[Site "http://www.queenalice.com/game.php?id=1334044"]
[Date "2015.1.10"]
[Round "-"]
[White "bluemoon2"]
[Black "Scaracioli"]
[Result "1-0"]
[WhiteElo "1500"]
[BlackElo "1727"]

1. e4 e5 2. d4 c6 3. Nf3 d6 4. dxe5 dxe5 5. Qxd8+ Kxd8 6. Nxe5 f6 7. Nf7+ Ke8 8.
Nxh8 Be7 9. Bc4 b5 10. Bb3 a5 11. a4 b4 12. O-O Nd7 13. Re1 Ne5 14. h3 Kf8 15.
Be3 g5 16. f4 gxf4 17. Bxf4 Kg7 18. Bxe5 fxe5 19. Nf7 Bh4 20. Rf1 Bf6 21. Nd6
Bd7 22. Nd2 Rb8 23. N2c4 Ra8 24. Rad1 Ne7 25. Nb6 Ra7 26. Nxd7 Rxd7 27. Nf5+
Nxf5 28. Rxd7+ Ne7 29. Bc4 Kg6 30. Rd6 Nf5 31. Rxf5 1-0

[Event "Let's Play Chess!"]
[Site "http://www.queenalice.com/game.php?id=1334048"]
[Date "2015.1.10"]
[Round "-"]
[White "ketchuplover"]
[Black "bluemoon2"]
[Result "0-1"]
[WhiteElo "1836"]
[BlackElo "1833"]

1. Nf3 c5 2. d4 cxd4 3. Nxd4 d5 4. g3 e5 5. Nb3 h6 6. Bg2 Be6 7. O-O Nf6 8. Nc3
Bb4 9. Bd2 Be7 10. h3 Nbd7 11. a3 O-O 12. e3 Rb8 13. f4 exf4 14. exf4 Nb6 15. f5
Bd7 16. Be3 Bc6 17. g4 Qd7 18. Nd4 Nc4 19. Bc1 Rbd8 20. b3 Nb6 21. Bb2 Bc5 22.
Kh1 Bd6 23. Nxc6 bxc6 24. Qd2 Bc7 25. Bf3 Qd6 26. Rf2 Qg3 27. Bd1 Qxh3+ 28. Kg1
d4 0-1

[Event "Let's Play Chess!"]
[Site "http://www.queenalice.com/game.php?id=1334049"]
[Date "2015.1.11"]
[Round "-"]
[White "bluemoon2"]
[Black "dnptrs"]
[Result "0-1"]
[WhiteElo "1500"]
[BlackElo "2165"]

1. g3 e6 2. Bg2 Nf6 3. e4 c5 4. Ne2 Nc6 5. O-O Be7 6. c3 d5 7. f3 dxe4 8. fxe4
e5 9. Kh1 O-O 10. Ng1 Bg4 11. Qe1 Qd7 12. Na3 Rab8 13. h3 Bh5 14. g4 Bg6 15. Qe3
Rfd8 16. Ne2 b5 17. Nc2 h6 18. Ne1 c4 19. Ng3 Rdc8 20. d3 Nd8 21. Bf3 Ne6 22. h4
Nf4 23. d4 Nxg4 24. Bxg4 Qxg4 25. Ng2 Qh3+ 0-1

[Event "Let's Play Chess!"]
[Site "http://www.queenalice.com/game.php?id=1334311"]
[Date "2015.1.12"]
[Round "-"]
[White "bluemoon2"]
[Black "Nikita"]
[Result "1-0"]
[WhiteElo "1956"]
[BlackElo "1609"]

1. c4 e5 2. e4 Bc5 3. h3 Nf6 4. Qf3 Nc6 5. Nc3 Nd4 6. Qd1 d6 7. a3 Be6 8. d3 c6
9. Nf3 Nxf3+ 10. Qxf3 h6 11. Be2 h5 12. Bd1 Qa5 13. O-O d5 14. cxd5 cxd5 15.
exd5 Bd7 16. Bg5 Bb4 17. Bxf6 gxf6 18. Qxf6 Rg8 19. Qxe5+ Be7 20. Kh1 f6 21.
Qxh5+ Kd8 22. Bf3 Rb8 23. Rfe1 Be8 24. Qh7 Rg6 25. Qxe7+ Kc8 26. Qxe8+ Qd8 27.
Qxg6 Kc7 28. Qf7+ Kb6 29. Re6+ Kc5 30. d4+ Kc4 31. Rxf6 Kxd4 32. Rd1+ Kc4 33.
d6+ Kc5 34. Qd5+ Kb6 35. Qb5# 1-0

[Event "Let's Play Chess!"]
[Site "http://www.queenalice.com/game.php?id=1334312"]
[Date "2015.1.12"]
[Round "-"]
[White "Alice70"]
[Black "bluemoon2"]
[Result "0-1"]
[WhiteElo "1578"]
[BlackElo "1948"]

1. e4 c5 2. Nc3 e6 3. Nf3 Nc6 4. Bb5 Nge7 5. Bxc6 Nxc6 6. d3 Be7 7. h4 d5 8.
exd5 exd5 9. Bg5 f6 10. Bf4 O-O 11. Nxd5 Qxd5 12. c4 Qh5 13. Qb3 b6 14. a4 Be6
15. Kd2 Nb4 16. Rae1 Qf7 17. d4 Rad8 18. Bc7 Rd7 19. Bg3 h6 20. Ra1 Bxc4 21. Qc3
a5 22. b3 Bxb3 23. Rab1 Bxa4 24. Ra1 Bb5 25. Rhe1 cxd4 26. Nxd4 Bc5 27. Re4 Bc6
28. Rf4 Nd5 29. Qc4 Nxf4 30. Qxf7+ Rfxf7 31. Ra4 Bxa4 32. Bxf4 Rxd4+ 33. Ke3
Rxf4+ 34. Kxf4 Re7 35. Kf3 Bc6+ 36. Kg3 Bd6+ 37. f4 Re3+ 38. Kg4 Bd7+ 39. f5 Re5
40. Kf3 Rxf5+ 41. Ke4 Bc6+ 42. Kd4 Rd5+ 43. Kc4 b5+ 44. Kc3 a4 45. Kb2 a3+ 46.
Ka2 Rd2+ 47. Ka1 Be5+ 48. Kb1 a2+ 49. Kc1 Rxg2 0-1

[Event "Let's Play Chess!"]
[Site "http://www.queenalice.com/game.php?id=1334836"]
[Date "2015.1.15"]
[Round "-"]
[White "bluemoon2"]
[Black "Mikalus"]
[Result "1-0"]
[WhiteElo "1750"]
[BlackElo "1851"]

1. b3 e5 2. e4 Nc6 3. Bb2 Nf6 4. d3 Bc5 5. h3 O-O 6. Nf3 Qe7 7. Nbd2 d5 8. Be2
d4 9. O-O Nh5 10. Nh2 Nf4 11. Bf3 Qg5 12. Kh1 Qg6 13. Rg1 Be7 14. Bg4 Bg5 15.
Bxc8 Raxc8 16. Ndf3 Bh6 17. Ng4 Ne7 18. Ngxe5 Qe6 19. Bxd4 Nxh3 20. gxh3 Qxh3+
21. Nh2 f6 22. Rg3 Qe6 23. Nc4 Bf4 24. Rxg7+ Kxg7 25. Qf3 Ng6 26. Rg1 Kh8 27.
Ng4 Rg8 28. Bxf6+ 1-0

[Event "Let's Play Chess!"]
[Site "http://www.queenalice.com/game.php?id=1334837"]
[Date "2015.1.15"]
[Round "-"]
[White "ootomm"]
[Black "bluemoon2"]
[Result "0-1"]
[WhiteElo "1476"]
[BlackElo "1917"]

1. e4 c5 2. Nf3 e6 3. Bc4 Nc6 4. c3 d5 5. exd5 exd5 6. Qe2+ Be7 7. Bb5 Bd7 8.
Ne5 Nf6 9. d3 O-O 10. Bg5 a6 11. Bxc6 bxc6 12. O-O Re8 13. Nxd7 Qxd7 14. Nd2 Bd6
15. Qf3 Ng4 16. g3 Ne5 17. Qe2 f6 18. Be3 Qh3 19. f3 Ng6 20. Qf2 Ne5 21. Qg2 Qe6
22. d4 Nd3 23. Bf2 c4 24. b3 Qf7 25. bxc4 dxc4 26. f4 Qd5 27. Qxd5+ cxd5 28. Nf3
h6 29. Nh4 Kh7 30. Nf5 Bf8 31. Nh4 g6 32. Be3 Rxe3 33. Ng2 Re2 34. Ne1 Nb2 35.
Rf2 Rae8 36. Rxe2 Rxe2 37. a3 Na4 38. Rb1 Bxa3 39. Kf1 Rxh2 40. Rb7+ Kg8 41. Ra7
Nxc3 42. Rxa6 Be7 43. Nf3 Ra2 44. Re6 Kf7 45. Re3 Ne4 46. g4 c3 47. Ne1 Bb4 48.
Re2 Ng3+ 0-1

[Event "Challenge"]
[Site "http://www.queenalice.com/game.php?id=1337178"]
[Date "2015.1.26"]
[Round "-"]
[White "Piazzolero"]
[Black "bluemoon2"]
[Result "1-0"]
[WhiteElo "1682"]
[BlackElo "1965"]

1. d4 d5 2. Bf4 Nc6 3. e3 a6 4. Nc3 e6 5. Nf3 Bb4 6. a3 Bxc3+ 7. bxc3 Nge7 8.
Qb1 O-O 9. Bd3 f6 10. O-O g6 11. Bh6 Rf7 12. c4 b6 13. c3 Bd7 14. c5 bxc5 15.
dxc5 e5 16. Bc2 e4 17. Nd4 Rb8 18. Bb3 Nxd4 19. cxd4 a5 20. Qc2 g5 21. f3 Nf5
22. Bxd5 Nxh6 23. Bxe4 Be6 24. Bd3 c6 25. Qf2 Rg7 26. e4 Qd7 27. Rab1 1-0

[Event "Challenge"]
[Site "http://www.queenalice.com/game.php?id=1337238"]
[Date "2015.1.26"]
[Round "-"]
[White "bluemoon2"]
[Black "captainslog"]
[Result "0-1"]
[WhiteElo "1946"]
[BlackElo "1772"]

1. c4 e5 2. e4 c6 3. Nf3 d6 4. h3 Nf6 5. d3 d5 6. exd5 cxd5 7. Nxe5 Qe7 8. d4
Nbd7 9. Bf4 Ne4 10. Be2 Nxe5 11. Bxe5 dxc4 12. Qa4+ Bd7 13. Qxc4 Qb4+ 14. Qxb4
Bxb4+ 15. Kf1 O-O 16. a3 Ba5 17. Bf4 Be6 18. f3 Nf6 19. Be3 Nd5 20. Bf2 Rac8 21.
g3 Bb6 22. Kg2 Rc2 23. Bd3 Rxb2 24. Rc1 Rc8 25. Rxc8+ Bxc8 26. h4 Ba5 0-1

[Event "Challenge"]
[Site "http://www.queenalice.com/game.php?id=1337239"]
[Date "2015.1.26"]
[Round "-"]
[White "Derik_vd_Heever"]
[Black "bluemoon2"]
[Result "0-1"]
[WhiteElo "1658"]
[BlackElo "1955"]

1. e4 c5 2. d3 d5 3. Nd2 Nc6 4. Ngf3 e5 5. g3 Be6 6. Bg2 Be7 7. O-O Bf6 8. b3
Nge7 9. c4 d4 10. Ba3 b6 11. Rb1 a5 12. Nh4 Bxh4 13. gxh4 Ng8 14. Qf3 Nh6 15.
Qg3 O-O 16. Nf3 f6 17. Kh1 Kh8 18. h5 Bd7 19. Rbc1 Qe7 20. Nh4 f5 21. Bh3 fxe4
22. Rce1 Bxh3 23. Qxh3 e3 24. f3 Rf7 25. Rg1 Rg8 26. Rg3 Nd8 27. Qc8 Nb7 28. Qc6
Qd8 29. Qe4 Qf6 30. Qc6 Qxc6 31. Rg5 Qe6 32. Bc1 Nf5 33. Rg4 Nxh4 34. Rxh4 Rxf3
35. a3 g5 36. Re4 Nd6 37. R4xe3 dxe3 38. Bxe3 Qf5 39. a4 Rf1+ 40. Rxf1 Qxf1+ 41.
Bg1 Qf3# 0-1

[Event "Challenge"]
[Site "http://www.queenalice.com/game.php?id=1337240"]
[Date "2015.1.26"]
[Round "-"]
[White "Derik_vd_Heever"]
[Black "bluemoon2"]
[Result "0-1"]
[WhiteElo "1663"]
[BlackElo "1950"]

1. e4 c5 2. d3 d5 3. Nd2 e5 4. Ngf3 Nc6 5. g3 Be7 6. Bg2 Be6 7. O-O Bf6 8. Re1
Nge7 9. Nb3 dxe4 10. dxe4 Bxb3 11. cxb3 Qc7 12. Qc2 b6 13. Rd1 O-O 14. Qd2 Rad8
15. Qe2 Rxd1+ 16. Qxd1 Rd8 17. Qe2 Nd4 18. Qd3 Nec6 19. Qb5 Nxb5 20. a4 Nbd4 21.
Be3 Nxb3 22. Ra3 Nca5 23. h3 Rd1+ 24. Bf1 c4 25. Kg2 c3 26. Be2 Ra1 27. Rxa1
Nxa1 28. h4 c2 29. Bc1 N1b3 30. Be3 c1=Q 31. Bxc1 Qxc1 32. g4 Qxb2 33. h5 h6 34.
Bc4 Nxc4 35. Ne1 Qe2 36. Nf3 Qxe4 37. Kg3 Qf4+ 38. Kg2 Qxg4+ 39. Kf1 Qxf3 0-1

[Event "Challenge"]
[Site "http://www.queenalice.com/game.php?id=1337309"]
[Date "2015.1.26"]
[Round "-"]
[White "bluemoon2"]
[Black "fantasigno"]
[Result "1-0"]
[WhiteElo "1891"]
[BlackElo "1702"]

1. c4 e5 2. e4 Nf6 3. d3 Bb4+ 4. Bd2 Nc6 5. Bxb4 Nxb4 6. Be2 O-O 7. Nd2 d6 8. a3
Nc6 9. Ngf3 Bg4 10. Nb3 a6 11. h3 Bxf3 12. Bxf3 b5 13. cxb5 axb5 14. O-O d5 15.
Qc2 Nd4 16. Nxd4 exd4 17. e5 Nd7 18. Bxd5 Rc8 19. Rfe1 Re8 20. Qb3 c6 21. Bxf7+
Kh8 22. Bxe8 Qxe8 23. f4 Nc5 24. Qc2 Ne6 25. f5 Nf4 26. Rad1 c5 27. f6 gxf6 28.
exf6 Qf7 29. Qd2 Qxf6 30. Rf1 Rg8 31. Rxf4 Qg6 32. Rg4 Qe6 33. Rxg8+ Qxg8 34.
Rc1 c4 35. dxc4 Qd8 36. cxb5 Qb6 37. Kh1 Qxb5 38. Qxd4+ Kg8 39. Rc5 Qf1+ 40. Kh2
Qf8 41. Rg5+ 1-0

[Event "Challenge"]
[Site "http://www.queenalice.com/game.php?id=1337313"]
[Date "2015.1.26"]
[Round "-"]
[White "Rod_"]
[Black "bluemoon2"]
[Result "0-1"]
[WhiteElo "1692"]
[BlackElo "1912"]

1. e4 c5 2. d4 cxd4 3. Qxd4 Nc6 4. Qe3 e5 5. Bd3 Nge7 6. Nf3 Ng6 7. g3 Bb4+ 8.
c3 Ba5 9. O-O O-O 10. Bd2 Bb6 11. Qe2 d6 12. Bg5 f6 13. Bh4 Nce7 14. Bc4+ Kh8
15. Rd1 Qc7 16. Na3 a6 17. Bd5 Bg4 18. Kg2 Nxh4+ 19. gxh4 Rad8 20. Qd3 Qc8 21.
h3 Bxh3+ 22. Kh2 Ng6 23. Ng1 Bg4 24. f3 Bh5 25. Kg3 Nf4 26. Qf1 Bg6 27. Nh3 Nh5+
28. Kh2 h6 29. Qg2 Bh7 30. Qg4 g6 31. Qxc8 Rxc8 32. Bxb7 Rcd8 33. Bxa6 f5 34.
Bb7 fxe4 35. Bxe4 Nf4 36. Nxf4 Rxf4 37. Kg3 Kg7 38. Nc4 Bc7 39. Rd5 Bg8 40. Rb5
Bxc4 41. Rb7 Rf7 42. b3 Be6 43. Rd1 d5 44. Bc2 e4+ 45. Kg2 Rdd7 46. fxe4 dxe4
47. Rxd7 Rxd7 48. Bxe4 Kf6 49. Kf3 Rf7 50. Ke3 Ke5 51. Rb5+ Kd6 52. Bxg6 Rf6 53.
h5 Kc6 54. Be8+ Bd7 55. Bxd7+ Kxd7 56. Ke4 Rf4+ 57. Kd3 Kc6 58. Rb4 Rf5 59. Rh4
Bb6 60. b4 Rf3+ 61. Kc4 Rf5 62. a4 Bd8 63. b5+ Kb6 64. Rh3 Ka5 65. Rd3 Bb6 66.
Rd5 Rf4+ 67. Kb3 Rxa4 68. Rd6 Be3 69. b6 Ra1 70. Kb2 Rh1 71. Rxh6 Bxh6 72. b7
Bf4 73. c4 Kb4 74. b8=Q+ Bxb8 75. h6 Rxh6 76. Kc2 Rh3 77. Kd2 Kxc4 78. Ke2 Bf4
79. Kf2 Kd3 80. Kg2 Rg3+ 81. Kf2 Re3 82. Kg2 Ke2 83. Kg1 Rf3 84. Kg2 Rg3+ 85.
Kh1 Kf2 86. Kh2 Re3+ 87. Kh1 Re1# 0-1

[Event "Challenge"]
[Site "http://www.queenalice.com/game.php?id=1337314"]
[Date "2015.1.26"]
[Round "-"]
[White "bluemoon2"]
[Black "ratorei"]
[Result "0-1"]
[WhiteElo "1925"]
[BlackElo "2020"]

1. e4 c5 2. d4 cxd4 3. Qxd4 Nc6 4. Qa4 d6 5. c3 Nf6 6. Be2 Bd7 7. Qc2 e6 8. Nf3
Be7 9. O-O O-O 10. Re1 Rc8 11. Bd3 Nb4 12. Qe2 Nxd3 13. Qxd3 Qc7 14. Nbd2 a6 15.
Qc2 Bc6 16. Nd4 Bd7 17. Kh1 Ng4 18. N2f3 e5 19. Nb3 f5 20. h3 fxe4 21. hxg4 exf3
22. Nd2 fxg2+ 23. Kg1 Bxg4 24. Ne4 d5 25. Ng3 e4 26. Be3 Bf3 27. Qd2 Rcd8 28.
Ne2 Qd7 29. Nf4 Qg4 0-1

[Event "Challenge"]
[Site "http://www.queenalice.com/game.php?id=1337404"]
[Date "2015.1.27"]
[Round "-"]
[White "charles31"]
[Black "bluemoon2"]
[Result "0-1"]
[WhiteElo "1742"]
[BlackElo "1928"]

1. e4 c5 2. Nc3 e6 3. Nf3 Nc6 4. a3 Nge7 5. Bb5 a6 6. Bc4 Ng6 7. d4 cxd4 8. Nxd4
Nce5 9. Ba2 Be7 10. f4 Nc6 11. g3 O-O 12. Be3 Kh8 13. Qd2 d6 14. f5 exf5 15.
exf5 Nge5 16. Nxc6 bxc6 17. Qf2 Ng4 18. Qf3 Nxe3 19. Qxe3 Bg5 20. Qf3 d5 21. h4
Re8+ 22. Kf2 Be3+ 23. Kg2 Bb7 24. Rae1 Qb6 25. b4 Bd4 26. Ne2 Re3 27. Qg4 Bf6
28. Qf4 Rae8 29. Kh3 Be5 30. Qg4 Bf6 31. c3 R8e4 32. Qh5 g6 33. Bb1 gxh5 34.
Bxe4 Rxe4 35. Nf4 Rxe1 36. Rxe1 Qd8 37. Nxh5 Bxc3 38. Re2 Kg8 39. f6 Bxf6 40.
Nf4 d4 41. Nd3 Bc8+ 0-1

[Event "Challenge"]
[Site "http://www.queenalice.com/game.php?id=1337610"]
[Date "2015.1.28"]
[Round "-"]
[White "pj"]
[Black "bluemoon2"]
[Result "0-1"]
[WhiteElo "1513"]
[BlackElo "1948"]

1. e4 c5 2. c4 e6 3. e5 d5 4. cxd5 Qxd5 5. f4 Qe4+ 6. Ne2 a6 7. a4 Nc6 8. d3
Qb4+ 9. Nbc3 Nd4 10. Bd2 Nb3 11. Nd5 Qxd2+ 12. Qxd2 Nxd2 13. Kxd2 exd5 14. a5
Ne7 15. Rc1 Nf5 16. g4 Nh4 17. g5 d4 18. Rg1 Nf3+ 19. Kd1 Nxg1 20. Nxg1 Bf5 21.
h4 Rb8 22. h5 b6 23. axb6 Rxb6 24. Rb1 Be7 25. Kc2 O-O 26. Re1 c4 27. Rb1 Rc8
28. Kd2 c3+ 29. Ke1 cxb2 30. Kd2 Bb4+ 31. Kd1 Bc3 32. Nf3 a5 33. Nh4 Bg4+ 34.
Be2 Bxe2+ 35. Kxe2 g6 36. hxg6 hxg6 37. f5 Kg7 38. fxg6 fxg6 39. Kf3 Rf8+ 40.
Ke4 Re8 41. Nf3 Rd8 42. Ng1 a4 43. Ne2 a3 44. Nxc3 dxc3 45. Ke3 c2 46. Re1 c1=Q+
47. Ke2 Qc2+ 48. Ke3 Qxd3+ 49. Kf2 Re8 50. Re3 Qf5+ 51. Ke2 Rxe5 52. Rxe5 Qxe5+
53. Kd2 Qd4+ 54. Kc2 b1=Q# 0-1

[Event "Challenge"]
[Site "http://www.queenalice.com/game.php?id=1338061"]
[Date "2015.1.29"]
[Round "-"]
[White "bluemoon2"]
[Black "Mikalus"]
[Result "0-1"]
[WhiteElo "1985"]
[BlackElo "1849"]

1. c4 e5 2. e4 Nc6 3. Nf3 Bc5 4. d3 d6 5. h3 Nge7 6. Be2 Be6 7. O-O Ng6 8. a3 a5
9. Nbd2 a4 10. b4 axb3 11. Nxb3 Bb6 12. Bd2 Na5 13. Nc1 h6 14. Kh2 Qd7 15. Qe1
Nf4 16. Bxf4 exf4 17. e5 O-O-O 18. Qc3 g5 19. Rb1 g4 20. Ng1 h5 21. Rb2 Rdg8 22.
Rd2 g3+ 23. fxg3 fxg3+ 24. Kh1 Nc6 25. exd6 Bxg1 26. Kxg1 Qxd6 27. d4 Ne7 28.
Bf3 h4 29. d5 Bd7 30. Ne2 Nf5 31. Nd4 Qc5 32. Kh1 Nd6 33. Rc2 f5 34. Qd3 Rf8 35.
Ra1 Re8 36. Rb1 Ne4 37. Kg1 Nf2 38. Qd2 Re7 39. Kf1 Rhe8 40. Bh5 Ne4 41. Qd3 Rf8
42. Bf3 Nf2 43. Qd2 f4 44. Ne6 Bxe6 45. dxe6 c6 46. Re1 Rf6 47. Re2 Kc7 48. Qc3
Rfxe6 49. Rxe6 Rxe6 50. Qg7+ Re7 51. Qb2 Qe3 52. Re2 Qc5 53. Rxe7+ Qxe7 54. Qb3
Qc5 55. Qa2 b5 56. Be2 Nxh3 57. Bg4 Qg1+ 0-1

[Event "Challenge"]
[Site "http://www.queenalice.com/game.php?id=1338595"]
[Date "2015.2.1"]
[Round "-"]
[White "robertson"]
[Black "bluemoon2"]
[Result "0-1"]
[WhiteElo "1766"]
[BlackElo "1917"]

1. e4 c5 2. h3 a6 3. a3 Nc6 4. c3 e5 5. d3 d5 6. exd5 Qxd5 7. Nd2 Be7 8. Ngf3
Nf6 9. Nc4 Qd8 10. Nfxe5 Nxe5 11. Nxe5 O-O 12. Be2 h6 13. Bf3 Bd6 14. Nc4 Bc7
15. Be3 Rb8 16. O-O b6 17. Qc1 Be6 18. Rd1 Re8 19. Be2 Qd7 20. g4 Qc6 21. f3 b5
22. Nd2 Qd6 23. Nf1 Nd5 24. Bf2 Qc6 25. Bg3 Bxg3 26. Nxg3 Qc7 27. Kf2 Nf4 28.
Bf1 Ng6 29. Re1 Qc6 30. Bg2 Nh4 31. Bh1 Bd5 32. Ne4 f5 33. gxf5 Nxf5 34. Rg1 Kh8
35. Rg4 Qc7 36. Qg1 Rg8 37. Ke1 Rbc8 38. Rg6 a5 39. Kd2 Bf7 40. Rg2 Qf4+ 41. Ke1
Rce8 42. Rg4 Qe3+ 43. Kd1 Bb3# 0-1

[Event "Challenge"]
[Site "http://www.queenalice.com/game.php?id=1339298"]
[Date "2015.2.4"]
[Round "-"]
[White "bluemoon2"]
[Black "Rod_"]
[Result "1-0"]
[WhiteElo "1902"]
[BlackElo "1715"]

1. e4 e6 2. d4 d6 3. Nf3 h6 4. Bd3 Nc6 5. O-O Nb4 6. Be2 Bd7 7. c3 Nc6 8. Bf4
Nge7 9. h3 Ng6 10. Bg3 Be7 11. Bd3 a6 12. Qc2 b5 13. Nbd2 b4 14. e5 d5 15. Bxg6
fxg6 16. Qxg6+ Kf8 17. Nh2 Be8 18. Qg4 Bg5 19. f4 Be7 20. f5 Bg5 21. fxe6+ Ke7
22. Nb3 Rf8 23. Rxf8 Kxf8 24. Rf1+ Kg8 25. Qf5 Bh5 26. Nc5 Be3+ 27. Kh1 Qe8 28.
Qd3 Bg5 29. Bf4 Bg6 30. Qd2 bxc3 31. bxc3 Qf8 32. Bxg5 Qe8 33. Bh4 Be4 34. Kg1
Rb8 35. Ng4 Rb1 36. Ne3 Ne7 37. Nxe4 Rxf1+ 38. Kxf1 Qf7+ 39. exf7+ 1-0

[Event "Challenge"]
[Site "http://www.queenalice.com/game.php?id=1339508"]
[Date "2015.2.5"]
[Round "-"]
[White "charles31"]
[Black "bluemoon2"]
[Result "0-1"]
[WhiteElo "1682"]
[BlackElo "1933"]

1. e4 c5 2. Nc3 e6 3. Nf3 Be7 4. Bb5 a6 5. Be2 d6 6. d4 cxd4 7. Nxd4 Nf6 8. h3
O-O 9. Bc4 Nbd7 10. a3 Nb6 11. Ba2 Qc7 12. g4 Nfd7 13. h4 Nc5 14. f4 e5 15. Nb3
Nxb3 16. Bxb3 Bd7 17. f5 Kh8 18. g5 f6 19. g6 Be8 20. gxh7 Kxh7 21. h5 Rd8 22.
h6 g6 23. fxg6+ Bxg6 24. Be6 Rde8 25. Qg4 Rg8 26. Bxg8+ Rxg8 27. Qe6 Qd7 28.
Qxd7 Nxd7 29. Be3 f5 30. exf5 Bxf5 31. O-O-O Nf6 32. Rhg1 Bf8 33. Rxg8 Nxg8 34.
Rxd6 Bxd6 35. Nd5 Be6 36. Nc3 Nf6 37. b4 Bd7 38. Kb2 Bc7 39. a4 Ng4 40. Bd2 Bc6
41. b5 Bf3 42. bxa6 bxa6 43. Na2 e4 44. Nc1 Nxh6 45. c4 Nf5 46. Nb3 e3 47. Be1
Be5+ 48. Kc2 Nd4+ 49. Nxd4 Bxd4 50. Kd3 Bc5 51. Kc3 Kg6 0-1

[Event "Challenge"]
[Site "http://www.queenalice.com/game.php?id=1341196"]
[Date "2015.2.12"]
[Round "-"]
[White "Rod_"]
[Black "bluemoon2"]
[Result "0-1"]
[WhiteElo "1801"]
[BlackElo "1942"]

1. e3 c5 2. d3 e5 3. e4 d5 4. exd5 Qxd5 5. Nc3 Qd8 6. Qe2 f6 7. Bf4 Ne7 8. Be3
Nec6 9. a3 Be7 10. Qh5+ g6 11. Qh4 O-O 12. Bh6 Rf7 13. d4 exd4 14. Nce2 f5 15.
Qg3 Nd7 16. O-O-O Qb6 17. Nf4 Nde5 18. Nd5 Qd8 19. Nxe7+ Qxe7 20. Re1 Be6 21.
Nf3 Nxf3 22. Qxf3 Qd7 23. Bb5 Rc8 24. Bf4 Bd5 25. Qh3 a6 26. Ba4 b5 27. Bb3 c4
28. Ba2 a5 29. Rhg1 Be6 30. g3 a4 31. Qg2 Bd5 32. f3 b4 33. c3 d3 34. h4 bxa3
35. bxa3 Na5 36. Qb2 Bxf3 37. Qb4 Nb7 38. Bxc4 Nc5 39. Bxf7+ Qxf7 40. Kd2 Qa2+
41. Ke3 Be2 42. Kd4 Nb3+ 43. Ke5 Nc5 44. Qb6 Nd7+ 0-1

[Event "Challenge"]
[Site "http://www.queenalice.com/game.php?id=1350570"]
[Date "2015.3.29"]
[Round "-"]
[White "pj"]
[Black "bluemoon2"]
[Result "0-1"]
[WhiteElo "1485"]
[BlackElo "1961"]

1. e4 c5 2. e5 d5 3. exd6 Qxd6 4. c4 a6 5. a4 Bf5 6. d3 h6 7. g4 Bg6 8. h4 Nc6
9. h5 Bh7 10. Nc3 Nd4 11. Nh3 e5 12. f4 O-O-O 13. f5 Nf6 14. g5 hxg5 15. Nxg5
Qc7 16. Nxh7 Nxh7 17. Bh3 Kb8 18. Nd5 Qd6 19. Rb1 Be7 20. Be3 Bh4+ 21. Bf2 Bxf2+
22. Kxf2 Nf6 23. Bg2 Nxd5 24. Bxd5 Nxf5 25. Bxf7 Qd4+ 26. Ke2 Qe3+ 27. Kf1 Ng3+
28. Kg2 Nxh1 29. Kxh1 Qh3+ 30. Kg1 Rxd3 31. Qf1 Rg3+ 32. Kf2 Rf3+ 33. Ke2 Rxf1
34. Rxf1 Qg4+ 35. Ke1 Rxh5 36. Bd5 Rf5 37. Rxf5 Qxf5 38. Kd2 g5 39. Kc3 g4 40.
b4 b6 41. Bg2 e4 42. b5 axb5 43. cxb5 e3 44. Kc4 e2 45. a5 e1=Q 46. axb6 Qb4#
0-1

[Event "Challenge"]
[Site "http://www.queenalice.com/game.php?id=1350571"]
[Date "2015.3.29"]
[Round "-"]
[White "bluemoon2"]
[Black "pj"]
[Result "1-0"]
[WhiteElo "1959"]
[BlackElo "1497"]

1. e4 e5 2. d4 exd4 3. Qxd4 c5 4. Qd1 Qe7 5. Nf3 f6 6. Be2 Qxe4 7. O-O d5 8.
Bb5+ Kd8 9. h3 d4 10. Re1 Qd5 11. Nc3 Qd6 12. Ne4 Qd5 13. Bf4 a6 14. Nc3 Qf7 15.
Re8+ Qxe8 16. Bxe8 Kxe8 17. Qe2+ Ne7 18. Nd5 Nc6 19. Nb6 Ra7 20. Nxc8 Ra8 21.
Nd6+ Kd7 22. Re1 g5 23. Bg3 h6 24. Qe6+ Kc7 25. Nf7+ Kb6 26. Nxh8 f5 27. Ng6 Bg7
28. Nxe7 Re8 29. Qf7 Nxe7 30. Rxe7 Rxe7 31. Qxe7 Bh8 32. Qd8+ Ka7 33. Qxh8 f4
34. Bh2 a5 35. Qxh6 a4 36. Qxg5 Ka6 37. Qxc5 b6 38. Qc4+ Ka5 39. Nxd4 a3 40.
Qb5# 1-0